| 000 | 00827cam a22002531 4500 | ||
|---|---|---|---|
| 001 | he 67002120 | ||
| 003 | DLC | ||
| 005 | 20260227111451.0 | ||
| 008 | 890925s1964 is 000 0 hebr | ||
| 010 | _ahe 67002120 | ||
| 035 | _a(OCoLC)20388377 | ||
| 040 |
_aDLC _cCU _dCU _dDLC |
||
| 041 | 1 |
_aheb _hger |
|
| 042 | _apremarc | ||
| 050 | 0 | 0 |
_aPT2635.I65 _bA86 |
| 100 | 1 |
_aRilke, Rainer Maria, _d1875-1926. |
|
| 240 | 1 | 0 |
_aAufzeichnungen des Malte Laurids Brigge. _lHebrew |
| 245 | 1 | 0 |
_aReshimotaṿ shel Malṭeh Laʼorids Brigeh _c[me-et] Rainer Maryah Rilḳeh. mi-Germanit: Yiśraʼel Zemorah. |
| 260 |
_a[Tel-Aviv] _bMaḥbarot le-Sifrut _c[1964] |
||
| 300 |
_a170 p. _c21 cm. |
||
| 500 | _aTranslation of Die Aufzeichnungen des Malte Laurids Brigge. | ||
| 500 | _aVocalized. | ||
| 700 | 1 |
_aZmora, Israel, _d1899-1983. |
|
| 999 |
_c32727 _d32727 |
||